[Event "ENCI Limburg-open C"]
[Site "Maastricht"]
[Date "2012.05.26"]
[Round "2"]
[White "Kuiper, Adrian"]
[Black "De Mon, Gino"]
[Result "1-0"]
[WhiteElo "1569"]
[BlackElo "1172"]
[PlyCount "61"]
[EventDate "2012.05.25"]
[EventType "swiss"]
[EventRounds "7"]
[EventCountry "NED"]
[Source "P.Boonen"]
[SourceDate "2013.01.01"]

1. d4 e6 2. c4 c5 3. e3 Nf6 4. Nc3 d5 5. Nf3 cxd4 6. exd4 Bb4 7. Bd2 Bxc3 8.
Bxc3 Nc6 9. Be2 Ne4 10. O-O Nxc3 11. bxc3 O-O 12. Qc2 Na5 13. cxd5 exd5 14. Bd3
g6 15. Rfe1 Nc6 16. Ne5 Nxe5 17. Rxe5 Be6 18. Rae1 Rc8 19. f4 Qc7 20. Rc1 Rfe8
21. f5 Bd7 22. fxg6 hxg6 23. Rxd5 Re3 24. Rc5 Bc6 25. Bc4 Rce8 26. Qxg6+ Kf8
27. Qh6+ Ke7 28. Qxe3+ Kd7 29. Qh3+ Kd8 30. Qh4+ Re7 31. Re5 1-0

[Event "ENCI Limburg-open C"]
[Site "Maastricht"]
[Date "2012.05.26"]
[Round "2"]
[White "Kumpen, Jona"]
[Black "Overtoom, Reinier"]
[Result "0-1"]
[WhiteElo "1490"]
[BlackElo "1705"]
[PlyCount "86"]
[EventDate "2012.05.25"]
[EventType "swiss"]
[EventRounds "7"]
[EventCountry "NED"]
[Source "P.Boonen"]
[SourceDate "2013.01.01"]

1. d4 Nf6 2. Nf3 g6 3. Bf4 Bg7 4. e3 O-O 5. Nbd2 d6 6. Be2 Nc6 7. O-O Re8 8. c3
h6 9. h3 e5 10. Bg3 e4 11. Ne1 Bf5 12. Nc2 Qd7 13. Kh2 Rad8 14. b3 g5 15. Rh1
Ne7 16. c4 Bg6 17. Kg1 h5 18. b4 Nf5 19. Bh2 Nh6 20. c5 dxc5 21. bxc5 Nd5 22.
Bc4 b6 23. Nb3 Bf8 24. Bxd5 Qxd5 25. Bxc7 Rd7 26. cxb6 f5 27. Qd2 axb6 28. Bxb6
Qb5 29. Bc5 Bxc5 30. Nxc5 Qxc5 31. dxc5 Rxd2 32. Rc1 Rc8 33. Nb4 Be8 34. Kh2
Rxf2 35. Nd5 Kf7 36. Nb6 Rc6 37. a4 Ra2 38. Rhd1 f4 39. exf4 gxf4 40. Rd4 f3
41. Rxe4 Rxg2+ 42. Kh1 Rf6 43. Nd5 Nf5 0-1

[Event "ENCI Limburg-open C"]
[Site "Maastricht"]
[Date "2012.05.26"]
[Round "2"]
[White "Lambrechts, Anne"]
[Black "Dedoncker, Pieter"]
[Result "1-0"]
[WhiteElo "1410"]
[BlackElo "1106"]
[PlyCount "77"]
[EventDate "2012.05.25"]
[EventType "swiss"]
[EventRounds "7"]
[EventCountry "NED"]
[Source "P.Boonen"]
[SourceDate "2013.01.01"]

1. Nf3 Nc6 2. g3 e5 3. Nc3 Nf6 4. d3 d5 5. Bg5 Be6 6. Bg2 Be7 7. O-O a6 8. h3
d4 9. Ne4 Nxe4 10. Bxe7 Qxe7 11. dxe4 O-O 12. Nd2 Nb4 13. b3 f5 14. exf5 Bxf5
15. Ne4 Nd5 16. a3 c6 17. Kh2 Nc3 18. Nxc3 dxc3 19. e4 Rad8 20. Qe2 Bg6 21.
Qc4+ Rf7 22. Qxc3 Qf8 23. Kg1 Rd4 24. Qe3 Qc5 25. c3 Rfd7 26. cxd4 exd4 27. Qd3
Qa5 28. b4 Qa4 29. Rab1 Rd5 30. Qb3 Qxb3 31. Rxb3 Re5 32. Re1 Bf7 33. Rd3 b6
34. Rxd4 c5 35. bxc5 bxc5 36. Rd8+ Be8 37. Rd5 Rxd5 38. exd5 c4 39. Rxe8+ 1-0

[Event "ENCI Limburg-open C"]
[Site "Maastricht"]
[Date "2012.05.26"]
[Round "2"]
[White "Mollema, Henk"]
[Black "De Ridder, Yulian"]
[Result "1-0"]
[WhiteElo "1493"]
[BlackElo "1137"]
[PlyCount "21"]
[EventDate "2012.05.25"]
[EventType "swiss"]
[EventRounds "7"]
[EventCountry "NED"]
[Source "P.Boonen"]
[SourceDate "2013.01.01"]

1. e4 e5 2. Nf3 Nc6 3. Bc4 Nf6 4. d4 d5 5. exd5 Nxd4 6. Nxd4 exd4 7. Qxd4 Be6
8. Nc3 c6 9. Bg5 Bf5 10. O-O-O Qe7 11. Rhe1 1-0

[Event "ENCI Limburg-open C"]
[Site "Maastricht"]
[Date "2012.05.26"]
[Round "2"]
[White "Nissel, Andreas"]
[Black "Van Ginneken, Jos"]
[Result "1-0"]
[WhiteElo "1698"]
[BlackElo "1566"]
[PlyCount "49"]
[EventDate "2012.05.25"]
[EventType "swiss"]
[EventRounds "7"]
[EventCountry "NED"]
[Source "P.Boonen"]
[SourceDate "2013.01.01"]

1. d4 f5 2. Nc3 e6 3. e4 fxe4 4. Nxe4 Nf6 5. Bd3 Nxe4 6. Bxe4 g6 7. Nf3 Be7 8.
Bh6 Bf6 9. c3 d5 10. Bd3 Qe7 11. O-O Nc6 12. Re1 Bd7 13. a4 O-O-O 14. b4 Qd6
15. a5 Rde8 16. b5 Nd8 17. Ne5 Bxe5 18. dxe5 Qe7 19. Be3 c5 20. bxc6 Nxc6 21.
Qb3 Kb8 22. a6 Bc8 23. Reb1 Rd8 24. axb7 Qxb7 25. Qa4 1-0

[Event "ENCI Limburg-open C"]
[Site "Maastricht"]
[Date "2012.05.26"]
[Round "2"]
[White "Oxener, Aldo"]
[Black "Stiefel, Marika"]
[Result "1-0"]
[WhiteElo "1513"]
[BlackElo "1645"]
[PlyCount "55"]
[EventDate "2012.05.25"]
[EventType "swiss"]
[EventRounds "7"]
[EventCountry "NED"]
[Source "P.Boonen"]
[SourceDate "2013.01.01"]

1. Nf3 c5 2. e3 a6 3. d4 cxd4 4. exd4 Nf6 5. b3 Qa5+ 6. Nbd2 Nc6 7. Bb2 d6 8.
Bd3 Bg4 9. O-O Nb4 10. Nc4 Qh5 11. Be2 Nbd5 12. h3 Bd7 13. Nfe5 Qg5 14. Nxd7
Nxd7 15. Re1 b5 16. Nd2 Rc8 17. c4 Nf4 18. Bg4 Nd3 19. Ne4 Nxb2 20. Nxd6+ Kd8
21. Nxf7+ Ke8 22. Qe2 Qf6 23. Nxh8 Nxc4 24. bxc4 Rxc4 25. Be6 Rxd4 26. Rac1 Nb6
27. Rc6 Nc4 28. Rc8+ 1-0

[Event "ENCI Limburg-open C"]
[Site "Maastricht"]
[Date "2012.05.26"]
[Round "2"]
[White "Reyskens, Jules"]
[Black "Chang, Hawkie"]
[Result "1-0"]
[WhiteElo "1737"]
[BlackElo "1581"]
[PlyCount "99"]
[EventDate "2012.05.25"]
[EventType "swiss"]
[EventRounds "7"]
[EventCountry "NED"]
[Source "P.Boonen"]
[SourceDate "2013.01.01"]

1. e4 c5 2. Nf3 e6 3. d4 cxd4 4. Nxd4 Nf6 5. Nc3 d6 6. Be2 a6 7. O-O Qc7 8. Be3
b5 9. a3 Bb7 10. Bd3 Nbd7 11. h3 d5 12. exd5 Nxd5 13. Nxd5 Bxd5 14. Qd2 Bc5 15.
Ne2 e5 16. Nc3 Nf6 17. Nxd5 Nxd5 18. Bxb5+ axb5 19. Qxd5 Rc8 20. Bxc5 Qxc5 21.
Qxc5 Rxc5 22. c3 Ke7 23. Rad1 Ke6 24. Rd2 Rd5 25. Rfd1 Rhd8 26. Rxd5 Rxd5 27.
Rxd5 Kxd5 28. b3 Ke4 29. f3+ Kd3 30. a4 bxa4 31. bxa4 Kc4 32. Kf2 f5 33. Ke3 g6
34. g4 Kc5 35. g5 Kb6 36. c4 Kc5 37. a5 Kc6 38. Kd3 Kc5 39. Kc3 Kc6 40. Kb4 Kb7
41. c5 Kc7 42. a6 Kc6 43. h4 Kc7 44. Kc4 Kc6 45. Kb4 Kc7 46. Kc3 Kc6 47. Kc4
Kc7 48. Kd5 e4 49. fxe4 f4 50. Kd4 1-0

[Event "ENCI Limburg-open C"]
[Site "Maastricht"]
[Date "2012.05.26"]
[Round "2"]
[White "Roemhild, Wolfgang"]
[Black "Hong, Jeffrey"]
[Result "0-1"]
[WhiteElo "1691"]
[BlackElo "1119"]
[PlyCount "104"]
[EventDate "2012.05.25"]
[EventType "swiss"]
[EventRounds "7"]
[EventCountry "NED"]
[Source "P.Boonen"]
[SourceDate "2013.01.01"]

1. e4 c5 2. f4 d6 3. Nf3 g6 4. Bc4 Bg7 5. c3 e6 6. O-O Nf6 7. Qe2 O-O 8. Bb3
Qb6 9. d3 c4+ 10. Be3 Qc7 11. Bxc4 d5 12. exd5 Nxd5 13. Nd4 Nxe3 14. Qxe3 Qb6
15. Bb3 Nc6 16. Nc2 Qc7 17. Ne1 Rd8 18. d4 Nxd4 19. Nd2 Qc5 20. Qf2 Ne2+ 21.
Kh1 Qxf2 22. Rxf2 Rxd2 23. Bc4 Ng3+ 24. Kg1 Rxf2 25. Kxf2 Nf5 26. Rd1 Bf8 27.
Rd8 Kg7 28. g4 Nd6 29. Bb3 Be7 30. Rxd6 Bxd6 31. Ke3 e5 32. fxe5 Bxe5 33. h3
Be6 34. Bxe6 fxe6 35. Nd3 Bd6 36. c4 Rc8 37. b3 a6 38. Kd4 e5+ 39. Kd5 Rd8 40.
Nf2 Bc7+ 41. Ke6 Rd6+ 42. Ke7 Rd2 43. Ne4 Rd4 44. Nc3 Ba5 45. Ne2 Rd2 46. Ng3
Rxa2 47. Ke6 Ra3 48. Ne4 Rxb3 49. Kxe5 Rxh3 50. Nc5 Rg3 51. Nxb7 Rxg4 52. Nxa5
Rg5+ 0-1

[Event "ENCI Limburg-open C"]
[Site "Maastricht"]
[Date "2012.05.26"]
[Round "2"]
[White "Schoffelen, Jan"]
[Black "Calje, Ming Dao"]
[Result "1-0"]
[WhiteElo "1359"]
[BlackElo "800"]
[PlyCount "107"]
[EventDate "2012.05.25"]
[EventType "swiss"]
[EventRounds "7"]
[EventCountry "NED"]
[Source "P.Boonen"]
[SourceDate "2013.01.01"]

1. c4 e5 2. Nf3 Nc6 3. Nc3 Nf6 4. d3 Bc5 5. e3 d5 6. cxd5 Nxd5 7. Ne4 Bb4+ 8.
Ned2 Be6 9. Qa4 Nb6 10. Qd1 Qe7 11. Be2 O-O-O 12. O-O Qd6 13. Ne4 Qd5 14. Nc3
Bxc3 15. bxc3 a6 16. Qc2 Qc5 17. d4 exd4 18. exd4 Nxd4 19. Nxd4 Rxd4 20. Be3
Rhd8 21. Rad1 Na4 22. Rxd4 Bf5 23. Rxd8+ Kxd8 24. Bxc5 Bxc2 25. Bd4 f6 26. Rc1
Be4 27. f3 Bc6 28. Rd1 Ke8 29. Bd3 g6 30. Bxf6 Nb2 31. Rd2 Na4 32. Kf2 Nc5 33.
Bc4 g5 34. Bxg5 Bd7 35. Bg8 Bf5 36. Rd5 b6 37. Rxf5 Nd3+ 38. Kg3 Kd7 39. Rd5+
Kc6 40. Rxd3 Kb7 41. Bxh7 a5 42. a4 b5 43. axb5 a4 44. c4 Kb6 45. f4 c6 46.
bxc6 Kxc6 47. Be7 a3 48. Rxa3 Kd7 49. Bb4 Kc6 50. Be4+ Kc7 51. Ra6 Kd7 52. h4
Ke8 53. Ra7 Kd8 54. h5 1-0

[Event "ENCI Limburg-open C"]
[Site "Maastricht"]
[Date "2012.05.26"]
[Round "2"]
[White "Slangen Knuit, Dien"]
[Black "Liu, Julian"]
[Result "0-1"]
[WhiteElo "1117"]
[BlackElo "1414"]
[PlyCount "74"]
[EventDate "2012.05.25"]
[EventType "swiss"]
[EventRounds "7"]
[EventCountry "NED"]
[Source "P.Boonen"]
[SourceDate "2013.01.01"]

1. d4 Nf6 2. c4 g6 3. Nc3 Bg7 4. Nf3 O-O 5. e4 d6 6. Be2 e5 7. O-O Nc6 8. d5
Ne7 9. b3 Nh5 10. Bb2 f5 11. exf5 Bxf5 12. Rc1 Nf6 13. Ng5 Bh6 14. Ne6 Bxe6 15.
dxe6 Bxc1 16. Qxc1 Qc8 17. Nb5 a6 18. Nc3 Qxe6 19. Bf3 c6 20. Rd1 d5 21. cxd5
cxd5 22. Ba3 Rac8 23. Qa1 e4 24. Be2 Rfd8 25. Bxe7 Qxe7 26. Rd4 Qc5 27. Na4
Qc1+ 28. Rd1 Qxa1 29. Rxa1 b5 30. Nb2 Rc2 31. Kf1 Rxb2 32. Bd1 d4 33. b4 e3 34.
fxe3 dxe3 35. Bb3+ Kg7 36. Bd1 e2+ 37. Bxe2 Ne4 0-1

[Event "ENCI Limburg-open C"]
[Site "Maastricht"]
[Date "2012.05.26"]
[Round "2"]
[White "Swijsen, Willy"]
[Black "Gerlagh, Reyer"]
[Result "1/2-1/2"]
[WhiteElo "1567"]
[BlackElo "1327"]
[PlyCount "42"]
[EventDate "2012.05.25"]
[EventType "swiss"]
[EventRounds "7"]
[EventCountry "NED"]
[Source "P.Boonen"]
[SourceDate "2013.01.01"]

1. d4 d5 2. Nf3 Bf5 3. e3 a6 4. Bd3 Bxd3 5. Qxd3 e6 6. b3 g6 7. Bb2 Bg7 8. O-O
Nf6 9. Nbd2 O-O 10. Ne5 Nbd7 11. c4 c6 12. Ndf3 Ne4 13. Nxd7 Qxd7 14. Ne5 Qc7
15. Rac1 Nc5 16. Qc2 Nd7 17. Nxd7 Qxd7 18. cxd5 cxd5 19. Qc7 Rfd8 20. Rc5 Bf8
21. Rc2 Qxc7 1/2-1/2

[Event "ENCI Limburg-open C"]
[Site "Maastricht"]
[Date "2012.05.26"]
[Round "2"]
[White "Uiterwijk, Jos"]
[Black "Veelenturf, Wim"]
[Result "1-0"]
[WhiteElo "1577"]
[BlackElo "1690"]
[PlyCount "63"]
[EventDate "2012.05.25"]
[EventType "swiss"]
[EventRounds "7"]
[EventCountry "NED"]
[Source "P.Boonen"]
[SourceDate "2013.01.01"]

1. e4 c6 2. d4 d5 3. exd5 cxd5 4. Nf3 Nc6 5. Be2 Bf5 6. c3 Nf6 7. Bg5 e6 8. Ne5
Be7 9. Qa4 Qb6 10. b4 Nd7 11. Nxd7 Kxd7 12. Bd2 a5 13. b5 Nb8 14. Be3 Rc8 15.
Bd2 Ke8 16. O-O Kf8 17. Na3 Qd6 18. Nc2 Bxc2 19. Qxc2 Nd7 20. Qxh7 Bf6 21. g3
Ke7 22. Qd3 Nb6 23. f4 g6 24. Rfe1 Nc4 25. Bc1 Qc7 26. Bf3 Kd7 27. Bg4 Nd6 28.
Bxe6+ fxe6 29. Qxg6 Rf8 30. Re3 Ne4 31. f5 Rg8 32. Qf7+ 1-0

[Event "ENCI Limburg-open C"]
[Site "Maastricht"]
[Date "2012.05.26"]
[Round "2"]
[White "Ulburghs, Piet"]
[Black "Krug, Franz Dieter"]
[Result "0-1"]
[WhiteElo "1650"]
[BlackElo "1540"]
[PlyCount "112"]
[EventDate "2012.05.25"]
[EventType "swiss"]
[EventRounds "7"]
[EventCountry "NED"]
[Source "P.Boonen"]
[SourceDate "2013.01.01"]

1. c4 Nf6 2. Nc3 e6 3. g3 c6 4. Bg2 d5 5. d4 dxc4 6. Nf3 Be7 7. Ne5 Nbd7 8.
Nxc4 Nd5 9. e4 N5b6 10. Ne3 O-O 11. O-O Re8 12. d5 exd5 13. exd5 cxd5 14. Nexd5
Nf6 15. Bf4 Nbxd5 16. Nxd5 Nxd5 17. Bxd5 Qb6 18. Qh5 Be6 19. Bxe6 Qxe6 20. Rfe1
Qb6 21. Be5 Bf8 22. Bc3 Qc6 23. Qg4 Rad8 24. h4 Qc8 25. Qa4 a6 26. Rac1 Rxe1+
27. Rxe1 b5 28. Qe4 Rd7 29. Qg4 Qd8 30. h5 Rd5 31. Kg2 Rg5 32. Qf3 b4 33. Be5
Qa5 34. Bf4 Rxh5 35. a3 bxa3 36. bxa3 Qd5 37. Re8 Rh2+ 38. Kxh2 Qxf3 39. Kg1
Qxa3 40. Be3 f6 41. Kh2 Kf7 42. Ra8 Kg6 43. Kh3 a5 44. g4 Bb4 45. Ra6 Qa1 46.
Kg2 h6 47. Ra7 Qd1 48. Kg3 Bd6+ 49. f4 Qe1+ 50. Kf3 Qf1+ 51. Kg3 Qd3 52. Kf3
Bc5 53. f5+ Kh7 54. g5 Qxe3+ 55. Kg2 Qxg5+ 56. Kh2 Bxa7 0-1

[Event "ENCI Limburg-open C"]
[Site "Maastricht"]
[Date "2012.05.26"]
[Round "2"]
[White "Van Rossum, Pia"]
[Black "Been, Klaas"]
[Result "0-1"]
[WhiteElo "1616"]
[BlackElo "1738"]
[PlyCount "74"]
[EventDate "2012.05.25"]
[EventType "swiss"]
[EventRounds "7"]
[EventCountry "NED"]
[Source "P.Boonen"]
[SourceDate "2013.01.01"]

1. Nf3 d5 2. d4 Nf6 3. Bg5 e6 4. e3 Be7 5. Bd3 Nbd7 6. O-O O-O 7. Nbd2 c5 8. c3
b6 9. Rc1 Bb7 10. Bb1 Rc8 11. Bxf6 Nxf6 12. Ne5 Qc7 13. f4 Ne4 14. Bxe4 dxe4
15. f5 exf5 16. Rxf5 f6 17. Qb3+ Kh8 18. Nf7+ Rxf7 19. Qxf7 cxd4 20. exd4 Rf8
21. Qc4 Qd7 22. Qf1 g6 23. Rf4 f5 24. Nc4 Ba6 25. Ne5 Qc8 26. Qd1 Bg5 27. g3
Bxf4 28. gxf4 Qd8 29. Qe1 Kg7 30. Qg3 Qd5 31. b3 Bb7 32. Qe3 Rd8 33. Rd1 b5 34.
h4 Qe6 35. Kf2 Qe7 36. Rh1 Qa3 37. Qd2 e3+ 0-1

[Event "ENCI Limburg-open C"]
[Site "Maastricht"]
[Date "2012.05.26"]
[Round "2"]
[White "Vossen, Martijn"]
[Black "De Vries, Paul1"]
[Result "1-0"]
[WhiteElo "1656"]
[BlackElo "1476"]
[PlyCount "115"]
[EventDate "2012.05.25"]
[EventType "swiss"]
[EventRounds "7"]
[EventCountry "NED"]
[Source "P.Boonen"]
[SourceDate "2013.01.01"]

1. e4 d5 2. exd5 Qxd5 3. d4 Nf6 4. Be3 Bf5 5. Nd2 Nc6 6. Ngf3 e6 7. c3 Be7 8.
Bc4 Qd7 9. Bb5 O-O 10. O-O a6 11. Ne5 Qe8 12. Bxc6 bxc6 13. Qf3 Nd5 14. Qe2 f6
15. Nec4 Qg6 16. Rfe1 Bd3 17. Qd1 a5 18. f3 Bd6 19. Nxd6 cxd6 20. Bf2 Nf4 21.
Bg3 e5 22. Bxf4 exf4 23. Ne4 Bxe4 24. fxe4 Rfe8 25. Qf3 Qg5 26. Rf1 d5 27. exd5
cxd5 28. Qxf4 Qxf4 29. Rxf4 Rab8 30. Rf2 Re3 31. Kf1 Rbe8 32. Rd1 Kf7 33. Rc2
R8e6 34. Kf2 R3e4 35. b3 Rf4+ 36. Kg1 Rfe4 37. Kf1 Rf4+ 38. Rf2 Rfe4 39. g3 Re3
40. Rc1 Rd3 41. Re2 Rf3+ 42. Ke1 Rc6 43. Kd2 Re6 44. Rxe6 Kxe6 45. Ke2 Rf5 46.
Ke3 Rh5 47. Rc2 Rg5 48. a4 Rg4 49. Kd3 f5 50. Rf2 g6 51. b4 Kd6 52. bxa5 Re4
53. Re2 Kc6 54. Rb2 Re8 55. Rb6+ Kc7 56. Rb5 Kc6 57. c4 dxc4+ 58. Kxc4 1-0

[Event "ENCI Limburg-open C"]
[Site "Maastricht"]
[Date "2012.05.26"]
[Round "2"]
[White "Warmerdam, Max"]
[Black "Schleipfenbauer, Bent"]
[Result "1-0"]
[WhiteElo "1648"]
[BlackElo "1456"]
[PlyCount "61"]
[EventDate "2012.05.25"]
[EventType "swiss"]
[EventRounds "7"]
[EventCountry "NED"]
[Source "P.Boonen"]
[SourceDate "2013.01.01"]

1. e4 c5 2. Nf3 Nc6 3. d4 cxd4 4. Nxd4 g6 5. Nc3 Bg7 6. Be3 Nf6 7. Bc4 O-O 8.
Bb3 Na5 9. h3 a6 10. O-O d6 11. f4 Nxb3 12. axb3 d5 13. e5 Ne4 14. Nxe4 dxe4
15. c4 f5 16. Qc2 Qc7 17. Rfd1 Rb8 18. b4 b6 19. Qb3 Kh8 20. Rac1 Rd8 21. b5 a5
22. Nc6 Rxd1+ 23. Rxd1 Be6 24. Nxb8 Qxb8 25. Qc3 Kg8 26. Qd4 a4 27. Ra1 Qa8 28.
b3 Qa5 29. Qd8+ Kf7 30. Bd2 Qa7 31. Rxa4 1-0

[Event "ENCI Limburg-open C"]
[Site "Maastricht"]
[Date "2012.05.26"]
[Round "2"]
[White "Weerts, Rene"]
[Black "De Leeuw, Bart"]
[Result "1/2-1/2"]
[WhiteElo "1560"]
[BlackElo "1678"]
[PlyCount "71"]
[EventDate "2012.05.25"]
[EventType "swiss"]
[EventRounds "7"]
[EventCountry "NED"]
[Source "P.Boonen"]
[SourceDate "2013.01.01"]

1. d4 Nf6 2. Nf3 d6 3. c3 Bf5 4. Nh4 Bd7 5. Bg5 Ne4 6. Nf3 Bg4 7. Nbd2 Bxf3 8.
Nxf3 Nxg5 9. Nxg5 e5 10. Nf3 e4 11. Nd2 d5 12. e3 Bd6 13. Qb3 c6 14. Qxb7 Qb6
15. Qxa8 O-O 16. c4 Bb4 17. O-O-O Na6 18. c5 Bxc5 19. Qxf8+ Bxf8 20. Bxa6 Qxa6
21. Kb1 Qe2 22. Rhf1 Bb4 23. Nb3 Qc4 24. Na1 Qb5 25. Kc1 Qe2 26. Nc2 Bd2+ 27.
Kb1 Qb5 28. f3 Bc3 29. b3 a5 30. Rf2 a4 31. b4 a3 32. fxe4 Bxb4 33. Nxb4 Qxb4+
34. Kc1 Qc3+ 35. Rc2 Qxe3+ 36. Rdd2 1/2-1/2

[Event "ENCI Limburg-open C"]
[Site "Maastricht"]
[Date "2012.05.26"]
[Round "2"]
[White "Wilde, Christian"]
[Black "Van Ee, Winston"]
[Result "0-1"]
[WhiteElo "1185"]
[BlackElo "1484"]
[PlyCount "44"]
[EventDate "2012.05.25"]
[EventType "swiss"]
[EventRounds "7"]
[EventCountry "NED"]
[Source "P.Boonen"]
[SourceDate "2013.01.01"]

1. c4 e5 2. Nc3 Nc6 3. g3 Bc5 4. e3 d6 5. Na4 Be6 6. Nxc5 dxc5 7. b3 Nge7 8.
Bg2 Qd7 9. Ne2 Rb8 10. O-O h5 11. h3 Bxh3 12. f4 Bxg2 13. Kxg2 h4 14. Bb2 exf4
15. Rxf4 hxg3 16. Ng1 Ng6 17. Rg4 Rh2+ 18. Kxg3 Qd6+ 19. Rf4 Nxf4 20. Kxh2 Nd3+
21. Kg2 Nxb2 22. d4 Qg6+ 0-1

[Event "ENCI Limburg-open C"]
[Site "Maastricht"]
[Date "2012.05.26"]
[Round "3"]
[White "Arns, Danny"]
[Black "Vossen, Martijn"]
[Result "1/2-1/2"]
[WhiteElo "1530"]
[BlackElo "1656"]
[PlyCount "33"]
[EventDate "2012.05.25"]
[EventType "swiss"]
[EventRounds "7"]
[EventCountry "NED"]
[Source "P.Boonen"]
[SourceDate "2013.01.01"]

1. e4 d6 2. d4 Nf6 3. Nc3 g6 4. f4 Bg7 5. Nf3 c6 6. Be3 b5 7. e5 Ng4 8. Qd2
Nxe3 9. Qxe3 Bb7 10. Bd3 Qc7 11. O-O Nd7 12. e6 fxe6 13. Qxe6 Nf8 14. Qe3 O-O-O
15. Ng5 Re8 16. Nf7 Rg8 17. Rad1 1/2-1/2

[Event "ENCI Limburg-open C"]
[Site "Maastricht"]
[Date "2012.05.26"]
[Round "3"]
[White "Been, Klaas"]
[Black "Beissel, Daniel"]
[Result "0-1"]
[WhiteElo "1738"]
[BlackElo "1611"]
[PlyCount "118"]
[EventDate "2012.05.25"]
[EventType "swiss"]
[EventRounds "7"]
[EventCountry "NED"]
[Source "P.Boonen"]
[SourceDate "2013.01.01"]

1. d4 Nf6 2. Nf3 e6 3. e3 c5 4. Bd3 Nc6 5. c3 d5 6. Nbd2 Bd7 7. O-O cxd4 8.
exd4 Be7 9. Re1 Rc8 10. Ne5 h6 11. f4 g5 12. fxg5 hxg5 13. Ndf3 Nh5 14. Nxd7
Kxd7 15. Bb5 Kc7 16. Bxc6 bxc6 17. Ne5 Qe8 18. Rf1 f6 19. Nd3 Bd6 20. h3 Qg6
21. Rf3 g4 22. hxg4 Ng3 23. Nf2 Qxg4 24. Qa4 Qh5 25. Qxa7+ Kd8 26. Nh3 Qg4 27.
Bf4 Ne2+ 28. Kf2 Nxf4 29. Nxf4 Bxf4 30. Qf7 Bg5 31. Kg1 Qe4 32. Kf2 Qc2+ 33.
Kg1 Qe2 34. Raf1 Be3+ 35. R3f2 Bxf2+ 36. Rxf2 Qe1+ 37. Rf1 Rh1+ 38. Kxh1 Qxf1+
39. Kh2 Qf4+ 40. g3 Qd6 41. Qxf6+ Qe7 42. Qe5 Kd7 43. a4 Qh7+ 44. Kg2 Qc2+ 45.
Kg1 Qb1+ 46. Kh2 Qxb2+ 47. Kh3 Re8 48. Qg7+ Re7 49. Qg6 Qxc3 50. Qb1 Qa5 51.
Qb7+ Qc7 52. Qb1 Qa7 53. Qb4 Rh7+ 54. Kg2 Qa6 55. Qb2 Kc7 56. Qf2 Qxa4 57. Qf4+
Kd7 58. Qd2 Qa3 59. Qc2 Rg7 0-1

[Event "ENCI Limburg-open C"]
[Site "Maastricht"]
[Date "2012.05.26"]
[Round "3"]
[White "Beukema, Christiaan"]
[Black "Heuts, Guido"]
[Result "0-1"]
[WhiteElo "1146"]
[BlackElo "1374"]
[PlyCount "80"]
[EventDate "2012.05.25"]
[EventType "swiss"]
[EventRounds "7"]
[EventCountry "NED"]
[Source "P.Boonen"]
[SourceDate "2013.01.01"]

1. e4 c6 2. d4 d5 3. Nc3 Nd7 4. exd5 cxd5 5. Nxd5 e6 6. Nc3 Ngf6 7. Nf3 Bb4 8.
Bd2 Nb6 9. a3 Be7 10. Bg5 O-O 11. Bd3 Nbd5 12. Nxd5 Nxd5 13. Bxe7 Qxe7 14. Qd2
Rd8 15. O-O h6 16. Rfe1 b6 17. Be4 Bb7 18. c4 Nf6 19. d5 Rac8 20. b3 Qd6 21.
Qd3 exd5 22. cxd5 Bxd5 23. Rad1 Nxe4 24. Qxe4 Bxe4 25. Rxd6 Rxd6 26. Rxe4 Rc1+
27. Re1 Rdd1 28. Kf1 Rxe1+ 29. Nxe1 Rc3 30. b4 Rxa3 31. Nc2 Rc3 32. Ne3 a5 33.
bxa5 bxa5 34. Nd5 Rc5 35. Nb6 Rb5 36. Nc4 a4 37. Ke1 Rb4 38. Na3 Rb3 39. Nc2 a3
40. Kd2 a2 0-1

[Event "ENCI Limburg-open C"]
[Site "Maastricht"]
[Date "2012.05.26"]
[Round "3"]
[White "Bratuszewski, Jorden"]
[Black "Beukema, Jasper"]
[Result "1-0"]
[WhiteElo "1623"]
[BlackElo "1625"]
[PlyCount "121"]
[EventDate "2012.05.25"]
[EventType "swiss"]
[EventRounds "7"]
[EventCountry "NED"]
[Source "P.Boonen"]
[SourceDate "2013.01.01"]

1. c4 e5 2. g3 Nf6 3. Bg2 Bc5 4. e3 Nc6 5. Nc3 O-O 6. Nge2 Re8 7. d3 Rb8 8. O-O
b6 9. a3 Bb7 10. b4 Bf8 11. e4 d6 12. Rb1 Ne7 13. Bd2 Ng6 14. f4 exf4 15. Nxf4
Ne5 16. Qe2 Be7 17. Ncd5 Qd7 18. Nxf6+ Bxf6 19. Bh3 Qa4 20. Qd1 Qxd1 21. Rbxd1
Rbd8 22. Bc1 c6 23. Bg2 h6 24. Nh5 Bg5 25. Bxg5 hxg5 26. h3 Ba8 27. g4 d5 28.
cxd5 cxd5 29. Rf5 f6 30. exd5 Bxd5 31. Bxd5+ Rxd5 32. Rxf6 Rxd3 33. Rxd3 Nxd3
34. Rd6 Nf4 35. Nxf4 gxf4 36. Rd3 Re7 37. Kf2 g5 38. Rd5 Rg7 39. Kf3 Kf7 40. h4
gxh4 41. Kxf4 Rh7 42. Rh5 Kg6 43. Rg5+ Kf6 44. Rh5 Rxh5 45. gxh5 h3 46. Kg3 Kg5
47. Kxh3 Kxh5 48. Kg3 Kg5 49. Kf3 Kf5 50. Ke3 Ke5 51. Kd3 Kd5 52. a4 a6 53. Kc3
Ke5 54. Kc4 Ke4 55. a5 Ke5 56. axb6 Kd6 57. b5 Kd7 58. bxa6 Kc6 59. b7 Kc7 60.
Kc5 Kb8 61. Kc6 1-0

[Event "ENCI Limburg-open C"]
[Site "Maastricht"]
[Date "2012.05.26"]
[Round "3"]
[White "Chang, Hawkie"]
[Black "Dijksman, Sebastiaan"]
[Result "0-1"]
[WhiteElo "1581"]
[BlackElo "1654"]
[PlyCount "64"]
[EventDate "2012.05.25"]
[EventType "swiss"]
[EventRounds "7"]
[EventCountry "NED"]
[Source "P.Boonen"]
[SourceDate "2013.01.01"]

1. e4 c6 2. d4 d5 3. e5 Bf5 4. Ne2 e6 5. Ng3 Bg6 6. h4 h6 7. h5 Bh7 8. Bd3 Bxd3
9. cxd3 Qb6 10. Ne2 Nd7 11. Nbc3 Ne7 12. g4 g6 13. Rb1 gxh5 14. Rxh5 O-O-O 15.
Be3 Bg7 16. Qc1 Ng6 17. f4 f5 18. gxf5 exf5 19. Ng3 Ne7 20. Ke2 Kb8 21. Nxf5
Nxf5 22. Rxf5 c5 23. dxc5 Qg6 24. Qg1 Qxf5 25. Qxg7 Rdg8 26. Qe7 Rg2+ 27. Bf2
Qxf4 28. Rf1 Nxe5 29. Nb5 Qf3+ 30. Kd2 Qxd3+ 31. Kc1 Qxf1+ 32. Kc2 Rxf2+ 0-1

[Event "ENCI Limburg-open C"]
[Site "Maastricht"]
[Date "2012.05.26"]
[Round "3"]
[White "De Boer, Guus"]
[Black "Kroon, Mike"]
[Result "0-1"]
[WhiteElo "1647"]
[BlackElo "1598"]
[PlyCount "128"]
[EventDate "2012.05.25"]
[EventType "swiss"]
[EventRounds "7"]
[EventCountry "NED"]
[Source "P.Boonen"]
[SourceDate "2013.01.01"]

1. d4 Nf6 2. c4 e6 3. Nf3 Bb4+ 4. Bd2 Qe7 5. Nc3 Bxc3 6. Bxc3 Ne4 7. Qc2 Nxc3
8. Qxc3 d6 9. e4 Nc6 10. Be2 e5 11. d5 Nb8 12. O-O O-O 13. Rac1 b6 14. b4 Nd7
15. Nd2 f5 16. exf5 Rxf5 17. Bg4 Rg5 18. Be6+ Kh8 19. f4 exf4 20. Rxf4 Ne5 21.
Nf3 Bxe6 22. dxe6 Nxf3+ 23. Qxf3 Re8 24. Rf7 Qxe6 25. Rxc7 Rf5 26. Qg3 Qh6 27.
Re1 Ref8 28. Rxa7 Rg5 29. Qf2 g6 30. Qb2+ Re5 31. Rxe5 dxe5 32. Qxe5+ Kg8 33.
Qc3 Rd8 34. Re7 Rd1+ 35. Re1 Qh5 36. a4 Qe2 37. Rxd1 Qxd1+ 38. Kf2 Qxa4 39. c5
Qa2+ 40. Kg3 bxc5 41. bxc5 Qd5 42. c6 Qg5+ 43. Kf2 Qf5+ 44. Ke1 Qe4+ 45. Kd1
Qxg2 46. c7 Qf1+ 47. Kc2 Qf2+ 48. Kb1 Qg1+ 49. Kb2 Qf2+ 50. Kb3 Qb6+ 51. Ka4
Qa6+ 52. Qa5 Qc4+ 53. Ka3 Kf7 54. Qb6 Ke7 55. Qb8 Qc3+ 56. Ka4 Qc4+ 57. Ka5
Qc5+ 58. Ka6 Qc4+ 59. Kb7 Qb5+ 60. Ka8 Qa6+ 61. Qa7 Qc8+ 62. Qb8 Kd7 63. h4 h6
64. h5 g5 0-1